LEADER 01303nam a2200301 a 4500 001 000000122639 003 CaOOAMICUS 005 20100819142244.0 008 100819t2010 it u000 u ita r 020 $a978-88-350-2598-6 040 $aPUL$bita$dReb 082 04$a371 100 1 $aLaneve, Cosimo.$0(OLS)http://pul/name/77023 245 10$aDentro il "fare scuola" :$bsguardi plurali sulle pratiche /$cCosimo Laneve ; con i contributi di: R. Pagano [et al.]. 260 $aBrescia :$bEditrice La Scuola,$c©2010. 300 $a346 p. ;$c22 cm. 490 1 $aRicerca didattica 546 $aBibliografia p. 329-341. 650 4$aDidattica.$0(OLS)http://pul/subject/14912 700 1 $aPagano, Riccardo.$0(OLS)http://pul/name/77024 830 0$aRicerca didattica.$0(OLS)http://pul/title/154564 850 $aPUL 852 $aPUL$W1$xSL Diritto e Scienze Sociali 3$y79$m371 CAMVI 1$j140866$qDDC 21$B139946$CPULBib$Z2$F139946 $H114123 $82 941 1 $a9 996 $6020$a978-88-350-2598-6$9(OLS)http://pul/number/145067 996 $6082$a371$9(OLS)http://pul/classification/637 996 $6245$aDentro il "fare scuola" :$bsguardi plurali sulle pratiche$9(OLS)http://pul/title/154563 996 $6260$aBrescia :$bEditrice La Scuola$9(OLS)http://pul/publisher/52872 LEADER 01483nam a2200325 a 4500 001 000000147358 003 CaOOAMICUS 005 20151113131019.0 008 151113s2007 fr u000 u fre r 020 $a978-2-227-47585-4* 032 $aLibriCat 040 $aPUL$bita 082 04$a291 100 1 $aSirat, René-Samuel.$0(OLS)http://pul/name/65561 245 10$aJuifs, chrétiens, musulmans :$blectures qui rassemblent, lectures qui séparent /$cgrand rabbin René-Samuel Sirat, Mgr Olivier de Berranger, Youssef Seddik. 260 $aParis :$bBayard,$c2007. 300 $a301 p. ;$c21 cm. 650 4$aCristianesimo e altre religioni$xIslamismo.$0(OLS)http://pul/subject/1848 650 4$aCristianesimo e altre religioni$xGiudaismo.$0(OLS)http://pul/subject/2372 700 1 $aBerranger, Olivier de.$0(OLS)http://pul/name/94213 700 1 $aSeddik, Youssef.$0(OLS)http://pul/name/94214 850 $aPUL 852 $aPUL$W1$xSL Religione 3$y85$m291 SIRRE 1$j170312$qDDC 21$B171091$CPULBib$Z2$F171091 $H126391 $81 941 1 $a9 960 $aGiudaismo$xRelazioni$xCristianesimo$92372 996 $6020$a978-2-227-47585-4*$9(OLS)http://pul/number/158932 996 $6082$a291$9(OLS)http://pul/classification/603 996 $6245$aJuifs, chrétiens, musulmans :$blectures qui rassemblent, lectures qui séparent$9(OLS)http://pul/title/186007 996 $6260$aParis :$bBayard$9(OLS)http://pul/publisher/75674